书目信息 |
| 题名: |
布托死牢中的笔记
|
|
| 作者: | 卡克 著 ;安启光 , 赵常谦 译 | |
| 分册: | ||
| 出版信息: | 北京 新华出版社 1980 |
|
| 页数: | 86页 | |
| 开本: | 19cm | |
| 丛书名: | ||
| 单 册: | ||
| 中图分类: | K351.5 | |
| 科图分类: | ||
| 主题词: | 政治--概况--巴基斯坦 , 南亚--历史 | |
| 电子资源: | ||
| ISBN: | ||
| 000 | 00800nam0 2200277 45 | |
| 001 | 0180008056 | |
| 005 | 20060510110151.17 | |
| 010 | @dCNY0.35 | |
| 091 | @a11203.010 | |
| 100 | @a19950525d1980 emky0chiy0121 ea | |
| 101 | 1 | @achi@cinc |
| 102 | @aCN@b110000 | |
| 105 | @ay z 000zb | |
| 200 | 10 | @a布托死牢中的笔记@Abu tuo si lao zhong de bi ji@f(印度)B·L·卡克著@F(yin du)B·L·ka ke zhu@g安启光, 赵常谦译 |
| 210 | @a北京@c新华出版社@d1980 | |
| 215 | @a86页@d19cm | |
| 600 | 1 | @a布托@bZ.A.@x生平事迹 |
| 606 | @a政治@x概况@y巴基斯坦 | |
| 606 | 0 | @a南亚@x历史 |
| 690 | @aK351.5@v4 | |
| 701 | 0 | @a卡克@Aka ke@4著 |
| 702 | 0 | @a安启光@Aan qi guang@4译 |
| 702 | 0 | @a赵常谦@Azhao chang qian@4译 |
| 801 | 2 | @aCN@bNLC@c20060510 |
| 801 | 0 | @aCN@b上海图书馆@c20040512 |
| 905 | @dK351.5@e5 | |
| 布托死牢中的笔记/(印度)B·L·卡克著/安启光, 赵常谦译.-北京:新华出版社,1980 |
| 86页;19cm |
| ISBN :CNY0.35 |
| ● |
| 相关链接 |
|
|
|
|
正题名:布托死牢中的笔记
索取号:K351.5/5
 
预约/预借
| 序号 | 登录号 | 条形码 | 馆藏地/架位号 | 状态 | 备注 |
| 1 | 0075593 | 202310141 | 密集书库/ [索取号:K351.5/5] | 在馆 | |
| 2 | 0075594 | 202310196 | 密集书库/ [索取号:K351.5/5] | 在馆 | |
| 3 | 0075595 | 202310150 | 密集书库/ [索取号:K351.5/5] | 在馆 | |
| 4 | 0075596 | 001395993 | 第二借阅区/ [索取号:K351.5/5] | 在馆 | |
| 5 | 0075597 | 001395939 | 第二样本阅览室/ [索取号:K351.5/5] | 在馆 |